000 00506nam a2200181Ia 4500
005 20250423100301.0
008 250422s9999 xx 000 0 und d
020 _a1856485862
050 _aBL 311 .F67/
100 _aForty, Jo.
245 0 _aMythology : a visual encyclopedia.
260 _aLondon
260 _bPRC Publishing Ltd.
260 _cc1999
300 _a512 p
650 _aMythology_Pictorial works. Myths_Pictorial works. Gods_Pictorial works. Heroes_Pictorial works.
942 _cBK
999 _c32834
_d32834